| 000 | 00406nam a22001577a 4500 | ||
|---|---|---|---|
| 003 | LK-CoDNM | ||
| 005 | 20240816100012.0 | ||
| 008 | 240816b |||||||| |||| 00| 0 eng d | ||
| 040 |
_aLK-CoDNM _dLK-CoDNM _eLK-CoDNM |
||
| 080 |
_a9 _bR7 |
||
| 100 | _aKOEPPEN CARI FRIEDRICH | ||
| 245 | _aLAMAISCHE HIERARCHIE | ||
| 260 |
_aBERLIN _bFERINAND SCHNEIDER _c1859 |
||
| 300 | _aXI, 404P. ; 24 CM | ||
| 942 | _cBK | ||
| 999 |
_c148105 _d148105 |
||